Rapid reconnaissance sketching : including contouring /

Bibliographic Details
Main Author: Sherrill, C. O. (Clarence Osborne), 1876-1959
Format: Book
Language:English
Published: [Place of publication not identified], [publisher not identified] ; [1912]
Edition:3d ed., 6th thousand.
Subjects:

MARC

Tag First Indicator Second Indicator Subfields
LEADER 00000cam a2200000 4500
001 in00000055350
005 20151008052221.0
008 800510r1912 ksuab 00010 eng
010 |a  13009229  
035 |a (OCoLC)06302935 
035 |9 AAH2277AM 
040 |a DLC  |c TXA  |d UtOrBLW 
049 |a TXAM  |c [27372] 
050 0 |a UG470  |b .S72 1912 
092 |a 358.2  |b S55r 
100 1 |a Sherrill, C. O.  |q (Clarence Osborne),  |d 1876-1959. 
245 1 0 |a Rapid reconnaissance sketching :  |b including contouring /  |c by Captain C. O. Sherrill ... 
250 |a 3d ed., 6th thousand.  |b Adopted by the War department for use in promotion examinations, garrison schools, for regular army and organized militia. Adopted for use as text book at the Army service schools, Fort Leavenworth, Kansas. Adopted for use of the U.S. marine corps. 
264 1 |a [Place of publication not identified],  |b [publisher not identified] ;  |c [1912] 
300 |a 3 pages ., pages 223-329 :  |b illustrations, maps (part folded) ;  |c 22 cm. 
336 |a text  |b txt  |2 rdacontent 
337 |a unmediated  |b n  |2 rdamedia 
338 |a volume  |b nc  |2 rdacarrier 
500 |a Part III of the author's Military topography. 
650 0 |a Military topography. 
999 |a MARS 
999 f f |s c4df4562-8dc8-3bac-b1b3-b9eb3419be3d  |i 18ed53c4-cc6e-35e3-b156-b0b643c3ee1e  |t 0 
952 f f |p ric  |a Texas A&M University  |b Rellis Campus  |c Joint Library Facility  |d Remote Storage  |t 0  |e UG470 .S72 1912  |h Library of Congress classification  |i unmediated -- volume  |m A14800806518 
998 f f |a UG470 .S72 1912  |t 0  |l Remote Storage